[Event "English Open 2025"]
[Site "Kenilworth ENG"]
[Date "2025.07.19"]
[Round "3.30"]
[White "Verma, Shlok"]
[Black "Pick, Freddie"]
[Result "1/2-1/2"]
[WhiteElo "2169"]
[BlackElo "1934"]
[WhiteFideId "441228"]
[BlackFideId "343454097"]
[EventDate "2025.07.18"]

1. d4 Nf6 2. c4 e6 3. Nc3 Bb4 4. e3 b6 5. Ne2 Ba6 6. a3 Bxc3+ 7. Nxc3 d5 8. cxd5
Bxf1 9. Kxf1 exd5 10. g3 O-O 11. Kg2 c5 12. dxc5 bxc5 13. Qf3 Na6 14. Rd1 Nc7
15. Bd2 Qe7 16. Rac1 Rfd8 17. Na4 Ne6 18. h4 Rac8 19. Ba5 Re8 20. Bc3 Red8 21.
Bxf6 Qxf6 22. Qxf6 gxf6 23. Nc3 d4 24. Ne4 f5 25. Nd2 Kg7 26. Nf3 Kf6 27. Kf1
Rb8 28. Rd2 dxe3 29. Rxd8 Nxd8 30. fxe3 Rxb2 31. Rxc5 Rb3 32. Ra5 Rxe3 33. Kf2
Re7 34. Nd4 Rd7 35. Rxf5+ Kg6 36. Rg5+ Kf6 37. Nf3 Ne6 38. Ra5 Rc7 39. g4 Rc2+
40. Kg3 Rc3 41. Kf2 Rc7 42. Kg3 Rc3 43. Kf2 1/2-1/2

[Event "English Open 2025"]
[Site "Kenilworth ENG"]
[Date "2025.07.19"]
[Round "3.31"]
[White "Myall, Ivan J"]
[Black "Villiers, Thomas"]
[Result "0-1"]
[BlackTitle "CM"]
[WhiteElo "1948"]
[BlackElo "2158"]
[WhiteFideId "425168"]
[BlackFideId "427209"]
[EventDate "2025.07.18"]

1. e4 c5 2. c3 Nc6 3. d4 cxd4 4. cxd4 d5 5. Nc3 Nf6 6. e5 Ne4 7. Nf3 Nxc3 8.
bxc3 Bg4 9. Bd3 e6 10. O-O Be7 11. h3 Bh5 12. a4 O-O 13. Qe2 Bg6 14. Ba3 Na5 15.
Bxe7 Qxe7 16. Bxg6 hxg6 17. Qb5 b6 18. Qb4 Qb7 19. Ng5 Rfc8 20. Rab1 Qd7 21.
Rfc1 Rc4 22. Qb5 Qe7 23. f4 Rac8 24. Qa6 Qd7 25. Qb5 Qxb5 26. axb5 Rxc3 27. Rxc3
Rxc3 28. Kf2 Nc4 29. Rb4 Rc2+ 30. Kf3 Rb2 31. Rxb2 Nxb2 32. g4 Na4 33. f5 gxf5
34. gxf5 exf5 35. e6 fxe6 36. Nxe6 Nc3 37. Nc7 g5 38. Ke3 Kf7 39. Kd3 g4 40.
hxg4 fxg4 41. Ke3 Ke7 42. Kf4 Kd7 43. Na6 g3 44. Kxg3 Ne2+ 45. Kg4 Nxd4 46. Kf4
Kd6 0-1

[Event "English Open 2025"]
[Site "Kenilworth ENG"]
[Date "2025.07.19"]
[Round "3.32"]
[White "Salmons, Calum"]
[Black "Anjulan, Ashwin"]
[Result "1-0"]
[WhiteElo "2085"]
[BlackElo "1880"]
[WhiteFideId "437280"]
[BlackFideId "343411622"]
[EventDate "2025.07.18"]

1. d4 Nf6 2. c4 c5 3. d5 b5 4. cxb5 a6 5. bxa6 Bxa6 6. Nc3 d6 7. Nf3 g6 8. e4
Bxf1 9. Kxf1 Bg7 10. g3 O-O 11. Kg2 Qb6 12. Qc2 Na6 13. a4 Ng4 14. h3 Ne5 15.
Nxe5 Bxe5 16. Bf4 Bg7 17. Rhb1 Rfb8 18. Ra3 Rb7 19. Nb5 Nc7 20. Nxc7 Rxc7 21.
Bd2 Qa6 22. b3 Rb7 23. Ra2 Rab8 24. Be1 Bd4 25. Qd1 Kg7 26. h4 h5 27. Ra3 Bf6
28. f4 c4 29. Qe2 Bd4 30. b4 Qa7 31. Qxc4 Rc7 32. Qd3 Rbc8 33. Ra2 Rc4 34. a5
Qd7 35. b5 e6 36. b6 exd5 37. b7 dxe4 38. bxc8=Q Qxc8 39. Qxe4 d5 40. Qd3 Ba7
41. Bf2 d4 42. Rbb2 Qc6+ 43. Qf3 Qc5 44. Qe4 Kh7 45. Rc2 1-0

[Event "English Open 2025"]
[Site "Kenilworth ENG"]
[Date "2025.07.19"]
[Round "3.33"]
[White "Hertog, Alexander"]
[Black "Savidge, Daniel"]
[Result "0-1"]
[WhiteElo "1950"]
[BlackElo "2141"]
[WhiteFideId "488453"]
[BlackFideId "450332"]
[EventDate "2025.07.18"]

1. d4 Nf6 2. c4 c5 3. d5 e5 4. Nc3 d6 5. e4 h5 6. Nf3 h4 7. h3 Nh5 8. Be2 g6 9.
Nh2 Nd7 10. Be3 Nf4 11. Bxf4 exf4 12. Nf3 Bg7 13. Qd2 Ne5 14. Qxf4 Bh6 15. Qh2
Qf6 16. Nxe5 Bf4 17. Ng4 Bxg4 18. Qg1 Bd7 19. Qf1 Ke7 20. Bf3 b5 21. cxb5 a6 22.
b6 Rhb8 23. Qe2 Rxb6 24. O-O Rab8 25. Rab1 Be5 26. Rfc1 Qf4 27. Qc2 Bxh3 28. Na4
Rb4 29. Nxc5 Rxb2 30. Rxb2 Rxb2 0-1

[Event "English Open 2025"]
[Site "Kenilworth ENG"]
[Date "2025.07.19"]
[Round "3.34"]
[White "Lebedev, Lion"]
[Black "Rughani, Mahin"]
[Result "1/2-1/2"]
[WhiteElo "2048"]
[BlackElo "1854"]
[WhiteFideId "551005492"]
[BlackFideId "343417060"]
[EventDate "2025.07.18"]

1. e4 c6 2. d4 d5 3. exd5 cxd5 4. c4 Nf6 5. Nc3 Nc6 6. Bg5 Be6 7. Be2 h6 8. Bxf6
exf6 9. Bf3 Bb4 10. Ne2 O-O 11. O-O Ne7 12. Qb3 Bxc3 13. Nxc3 dxc4 14. Qxb7 Rb8
15. Qxa7 Rxb2 16. d5 Bf5 17. Rfe1 Ng6 18. Qd4 Ne5 19. Be4 Qd7 20. Na4 Rb4 21.
Nb6 Qd6 22. Bxf5 Qxb6 23. Qxb6 Rxb6 24. f4 Ng6 25. g3 Rd8 26. Be4 Ne7 27. Red1
Rbd6 28. Rd4 f5 29. Bf3 f6 30. a4 c3 31. Rc1 Nxd5 32. Bxd5+ Rxd5 33. Rxd5 Rxd5
34. Rxc3 Rd1+ 35. Kf2 Ra1 36. Rc4 Ra3 37. Ke2 Kf7 38. Kd2 Kg6 39. Kc2 Ra2+ 40.
Kb3 Rxh2 41. a5 Re2 42. a6 Re7 43. Kb4 Kh5 44. Kb5 Kg4 45. Rc3 g5 46. Kb6 gxf4
47. gxf4 h5 48. a7 Rxa7 49. Kxa7 h4 50. Kb6 h3 51. Kc5 h2 52. Rc1 Kxf4 53. Kd4
Kf3 54. Rc3+ Kg2 55. Rc2+ Kg3 56. Rc3+ Kg2 57. Rc2+ Kg3 58. Rc3+ 1/2-1/2

[Event "English Open 2025"]
[Site "Kenilworth ENG"]
[Date "2025.07.19"]
[Round "3.35"]
[White "Martin, Lewis"]
[Black "Kendall, Arthur"]
[Result "1-0"]
[WhiteTitle "FM"]
[WhiteElo "2038"]
[BlackElo "1883"]
[WhiteFideId "410551"]
[BlackFideId "343410960"]
[EventDate "2025.07.18"]

1. e4 e6 2. d4 d5 3. Nd2 Nf6 4. e5 Nfd7 5. Bd3 c5 6. c3 Nc6 7. Ne2 cxd4 8. cxd4
f6 9. exf6 Nxf6 10. O-O Bd6 11. Nf3 Qc7 12. Bg5 O-O 13. Rc1 Ng4 14. h3 Rxf3 15.
hxg4 Rf7 16. Bb1 Bd7 17. Be3 Qb6 18. b3 Ba3 19. Qd3 g6 20. Rcd1 Nb4 21. Qd2 Bb5
22. Rfe1 Bxe2 23. Rxe2 Nc6 24. f3 Bb4 25. Qd3 Bf8 26. Bf2 Re8 27. Rde1 Nb4 28.
Qd2 Bg7 29. Rd1 Qd6 30. a3 Nc6 31. b4 a6 32. Ba2 Rc8 33. Rde1 Nd8 34. Rc1 Rfc7
35. Rxc7 Qxc7 36. Bh4 Qc1+ 37. Qxc1 Rxc1+ 38. Kh2 Nf7 39. Rxe6 Bxd4 40. Bxd5 Rc7
41. Re7 Rxe7 42. Bxe7 b6 43. a4 a5 44. bxa5 bxa5 45. f4 Kg7 46. Kg3 Bf6 47.
Bxf6+ Kxf6 48. g5+ Kg7 49. Bxf7 Kxf7 50. Kf3 Kg7 51. Ke4 h6 52. Ke5 hxg5 53.
fxg5 Kf7 54. Kd6 Kg7 55. Ke7 Kg8 56. Kf6 Kh7 57. Kf7 Kh8 58. Kxg6 Kg8 59. Kf6
Kf8 60. g6 Kg8 61. g7 1-0

[Event "English Open 2025"]
[Site "Kenilworth ENG"]
[Date "2025.07.19"]
[Round "3.36"]
[White "Shivakumar, Akshath"]
[Black "Marsden, Samuel"]
[Result "1-0"]
[WhiteElo "1822"]
[BlackElo "2065"]
[WhiteFideId "499765"]
[BlackFideId "343452841"]
[EventDate "2025.07.18"]

1. d4 Nf6 2. c4 e6 3. Nc3 Bb4 4. Qc2 Nc6 5. Nf3 d6 6. a3 Bxc3+ 7. bxc3 e5 8. d5
Nb8 9. e4 Na6 10. h3 Nc5 11. Bd3 Bd7 12. Be3 Ba4 13. Qb1 b6 14. O-O O-O 15. Bg5
h6 16. Bh4 g5 17. Nxg5 Nfxe4 18. Nf3 Ng5 19. Kh1 f6 20. Nd2 Qe7 21. Ne4 Nxd3 22.
Qxd3 Be8 23. Ng3 f5 24. f4 exf4 25. Rae1 Qh7 26. Rxf4 Bg6 27. Ref1 Ne4 28. Nxe4
fxe4 29. Qg3 Rae8 30. Rf6 Rxf6 31. Rxf6 Kg7 32. Re6 Rxe6 33. dxe6 Qg8 34. e7 Qe6
35. Qf4 Qf7 36. Qg4 Qe8 37. Qe6 Kh7 38. Bf6 h5 39. Bd4 c5 40. Bf6 Qc6 41. Be5 e3
42. Qf6 dxe5 43. Qxc6 e2 44. Qxg6+ 1-0

[Event "English Open 2025"]
[Site "Kenilworth ENG"]
[Date "2025.07.19"]
[Round "3.37"]
[White "Schell, Finn"]
[Black "Clark, Robert G"]
[Result "1-0"]
[WhiteElo "1995"]
[BlackElo "2037"]
[WhiteFideId "343406378"]
[BlackFideId "421162"]
[EventDate "2025.07.18"]

1. e4 e6 2. d4 d5 3. Nd2 Nf6 4. e5 Nfd7 5. c3 c5 6. f4 Nc6 7. Ndf3 Be7 8. Bd3 f5
9. Ne2 c4 10. Bc2 b5 11. O-O a5 12. g4 g6 13. Ng5 Nf8 14. gxf5 exf5 15. Ng3 Ne6
16. Bxf5 Nxg5 17. Bxc8 Qxc8 18. fxg5 Qe6 19. Nh1 Kd7 20. Nf2 Raf8 21. Qg4 Rf5
22. Bd2 Rhf8 23. Qg2 Kc7 24. Nh3 Rxf1+ 25. Rxf1 Rxf1+ 26. Kxf1 Qf5+ 27. Nf4 Kb7
28. h4 b4 29. Qxd5 Qb1+ 30. Ke2 Qxb2 31. Qd7+ 1-0

[Event "English Open 2025"]
[Site "Kenilworth ENG"]
[Date "2025.07.19"]
[Round "3.38"]
[White "Sefton, Adam"]
[Black "Alldritt, Nigel R E"]
[Result "1-0"]
[WhiteElo "2047"]
[BlackElo "1918"]
[WhiteFideId "343400965"]
[BlackFideId "404543"]
[EventDate "2025.07.18"]

1. e4 e6 2. d4 d5 3. Nd2 Nf6 4. e5 Nfd7 5. c3 c5 6. Bd3 Nc6 7. Ne2 cxd4 8. cxd4
f6 9. exf6 Nxf6 10. O-O Bd6 11. Nf3 Qc7 12. Bg5 O-O 13. Bh4 Nh5 14. Nc3 a6 15.
Rc1 g6 16. h3 Qg7 17. Bb1 Bd7 18. Bg5 h6 19. Be3 Nf4 20. h4 e5 21. dxe5 Nxe5 22.
Nxe5 Bxe5 23. Nxd5 Bc6 24. Nxf4 Bxf4 25. Qb3+ Kh8 26. Bxf4 Rxf4 27. Qg3 Qf6 28.
f3 Rg8 29. Be4 Bb5 30. Rfd1 Rxh4 31. Rd6 Qf4 32. Qxf4 Rxf4 33. Rc7 1-0

[Event "English Open 2025"]
[Site "Kenilworth ENG"]
[Date "2025.07.19"]
[Round "3.39"]
[White "Welling, Zac"]
[Black "Bolt, Graham"]
[Result "1/2-1/2"]
[WhiteElo "1966"]
[BlackElo "1942"]
[WhiteFideId "343414729"]
[BlackFideId "410438"]
[EventDate "2025.07.18"]

1. e4 g6 2. d4 d5 3. exd5 Qxd5 4. Nf3 Bg7 5. Nc3 Qd8 6. Bc4 Nf6 7. h3 O-O 8. O-O
c6 9. Bf4 b5 10. Bb3 a5 11. a4 b4 12. Ne2 Na6 13. Ne5 Bb7 14. Nd3 Nd7 15. Be3
Rc8 16. Qb1 c5 17. Qa2 cxd4 18. Nxd4 Ndc5 19. Nxc5 Nxc5 20. Rad1 Qc7 21. Nb5 Qe5
22. Bd5 b3 23. Bxb3 Nxb3 24. Qxb3 Qe4 25. f3 Qxc2 26. Qxc2 Rxc2 27. b3 e6 28.
Bb6 Bd5 29. Rb1 Bc3 30. Nxc3 Rxc3 31. Bxa5 Rxb3 32. Bb6 Rc8 33. Rxb3 Bxb3 34. a5
Bc4 35. Rc1 Kf8 36. Kf2 Ke7 37. Ke3 e5 38. f4 Ke6 39. g3 f5 40. h4 e4 41. Kd4
Ba6 42. Rxc8 Bxc8 43. Kc4 Ba6+ 44. Kb4 Kd5 45. Be3 1/2-1/2

[Event "English Open 2025"]
[Site "Kenilworth ENG"]
[Date "2025.07.19"]
[Round "3.40"]
[White "Vaddhireddy, Sai"]
[Black "Lapidus, Alexey M."]
[Result "0-1"]
[WhiteElo "1946"]
[BlackElo "1867"]
[WhiteFideId "499560"]
[BlackFideId "24276111"]
[EventDate "2025.07.18"]

1. d4 d5 2. c4 c6 3. cxd5 cxd5 4. Nc3 Nf6 5. Bf4 Nc6 6. e3 a6 7. Be2 Bf5 8. Nf3
e6 9. Qb3 Nh5 10. Qxb7 Na5 11. Qc7 Nxf4 12. Qxd8+ Rxd8 13. exf4 Rb8 14. O-O-O
Bb4 15. Nh4 Be4 16. Nxe4 dxe4 17. g3 O-O 18. Kb1 Bc3 19. b3 Rfc8 20. Bxa6 Rc6
21. Rc1 Nxb3 22. axb3 Rxb3+ 23. Kc2 Rb2+ 24. Kd1 Rd2+ 25. Ke1 Rc2+ 26. Kd1 Rxc1+
27. Kxc1 Bxd4+ 28. Kd2 Rxa6 29. Rc1 Ra2+ 30. Rc2 Rxc2+ 31. Kxc2 Bxf2 32. f5 exf5
33. Nxf5 g6 34. Nd6 f5 35. Kd1 Bg1 36. Ke2 Bxh2 37. Kf2 e3+ 38. Kxe3 Bxg3 39.
Nb5 Kf7 0-1

[Event "English Open 2025"]
[Site "Kenilworth ENG"]
[Date "2025.07.19"]
[Round "3.41"]
[White "Keerthi Kumar, Advait"]
[Black "Vaidyanathan, Sathya"]
[Result "1-0"]
[WhiteElo "1873"]
[BlackElo "1878"]
[WhiteFideId "498033"]
[BlackFideId "490539"]
[EventDate "2025.07.18"]

1. e4 e5 2. Nf3 Nc6 3. Bc4 Nf6 4. d3 Bc5 5. O-O d6 6. h3 a5 7. c3 Ba7 8. Bb3 Be6
9. Bc2 d5 10. Ba4 O-O 11. Bxc6 bxc6 12. Nxe5 dxe4 13. Nxc6 Qxd3 14. Qxd3 exd3
15. Nxa7 Rxa7 16. Rd1 Rd8 17. Bg5 c5 18. Nd2 c4 19. b3 cxb3 20. axb3 Rb8 21.
Bxf6 gxf6 22. Ra3 Rc7 23. c4 Ra8 24. Rda1 Rca7 25. Kf1 Bf5 26. g4 Bg6 27. b4 a4
28. b5 Ra5 29. Rb1 f5 30. Rb4 fxg4 31. hxg4 Kf8 32. f4 f5 33. g5 Ke7 34. Rb2 Rd8
35. Kf2 Rd4 36. Ke3 Rd8 37. Rxd3 a3 1-0

[Event "English Open 2025"]
[Site "Kenilworth ENG"]
[Date "2025.07.19"]
[Round "3.42"]
[White "Ellson, Louie"]
[Black "Gunarathne, Senith Thenula"]
[Result "0-1"]
[WhiteElo "1854"]
[BlackElo "1876"]
[WhiteFideId "343442056"]
[BlackFideId "343104324"]
[EventDate "2025.07.18"]

1. d4 d5 2. c4 e6 3. Nc3 c6 4. e3 f5 5. Nf3 Nf6 6. Be2 Bd6 7. O-O O-O 8. Ne5
Nbd7 9. f4 Ne4 10. Qc2 Nxe5 11. fxe5 Bc7 12. Nxe4 dxe4 13. b4 Bd7 14. a4 Qg5 15.
c5 Qh6 16. b5 Rf6 17. b6 Bb8 18. bxa7 Rxa7 19. Bc4 Rf8 20. Bd2 Bc7 21. Qb3 Bd8
22. a5 Bc7 23. a6 bxa6 24. Rxa6 Rxa6 25. Bxa6 Rb8 26. Qc2 Qg5 27. Bc4 g6 28. Ra1
Qd8 29. Bc3 Kf7 30. Rf1 Ba5 31. Bxa5 Qxa5 32. Qxe4 Rb2 33. Qd3 Qb4 34. Rc1 Rd2
35. Qc3 Rd1+ 36. Kf2 Qa4 37. Qc2 Qxc2+ 38. Rxc2 g5 39. Be2 Rb1 40. Ra2 Rb4 41.
Ra7 Ke7 42. Ra8 Be8 43. Bf3 g4 44. Ra7+ Kf8 45. Bd1 h5 46. Ra2 h4 47. h3 Rb1 48.
Rd2 g3+ 49. Ke1 Bh5 50. Rd3 Ke7 51. Rd2 Kf7 52. Rd3 Ke8 53. Rd2 Kd8 54. Rd3 Kc7
55. Rd2 Kb7 56. Rd3 Ra1 57. Rb3+ Ka6 58. Ra3+ Rxa3 59. Bxh5 Ra2 60. Be2+ Ka5 61.
Bc4 Rxg2 62. Bxe6 Rg1+ 63. Ke2 Rb1 64. Bxf5 g2 65. Bxb1 g1=Q 66. Bf5 Qg5 67. Bg4
Kb4 68. Kd3 Qg6+ 69. e4 Qf7 70. e6 Qf1+ 71. Ke3 Qc1+ 72. Kf3 Qc3+ 73. Kf4 Qxd4
74. Kf5 Qxc5+ 75. Kf6 Qf8+ 76. Ke5 Qe7 77. Be2 c5 78. Kd5 c4 0-1

[Event "English Open 2025"]
[Site "Kenilworth ENG"]
[Date "2025.07.19"]
[Round "4.1"]
[White "Royal, Shreyas"]
[Black "Vitiugov, Nikita"]
[Result "1/2-1/2"]
[WhiteTitle "GM"]
[BlackTitle "GM"]
[WhiteElo "2484"]
[BlackElo "2671"]
[WhiteFideId "448869"]
[BlackFideId "4152956"]
[EventDate "2025.07.18"]

1. d4 Nf6 2. c4 e6 3. Nc3 Bb4 4. e3 O-O 5. Bd2 d5 6. Nf3 Nbd7 7. Rc1 Be7 8. Qc2
h6 9. a3 Re8 10. b4 a5 11. Qb2 axb4 12. axb4 c6 13. Bd3 dxc4 14. Bxc4 Bd6 15.
O-O e5 16. Qb3 Qe7 17. dxe5 Nxe5 18. Nxe5 Bxe5 19. Rfd1 Rd8 20. Be1 Rxd1 21.
Rxd1 Bf5 22. Ne2 Be6 23. Bc3 Bxc4 24. Qxc4 Rd8 25. Rxd8+ Qxd8 26. Bd4 Bxd4 27.
Nxd4 Qa8 28. g3 Qa1+ 29. Kg2 Qb2 30. Nc2 Nd7 31. Qe4 Nf6 32. Qc4 Qe5 33. Ne1 Qd6
34. Nd3 b5 35. Qc2 Qd5+ 36. f3 Ng4 37. Qe2 Ne5 38. Nxe5 Qxe5 39. Qd2 c5 40. Qd8+
Kh7 41. Qd3+ g6 42. bxc5 Qxc5 43. Kf2 Qb4 44. Ke2 Kg7 45. Qd5 Qb2+ 46. Kd3 Qa3+
47. Kd2 b4 48. Qc4 Qb2+ 49. Qc2 Qa3 50. Qc4 b3 51. Qc3+ Kh7 52. Qc4 Qa5+ 53. Ke2
Qa2+ 54. Kd3 Qb1+ 55. Kd2 Qf5 56. Qxb3 Qxf3 57. Qc4 h5 58. Qe2 Qd5+ 59. Ke1 Qh1+
60. Kd2 Kg7 61. Qf2 Qe4 62. Ke2 g5 63. Kf1 Qh1+ 64. Ke2 Qe4 65. Kf1 Qh1+ 66. Ke2
Kg6 67. h4 gxh4 68. gxh4 Qe4 69. Qg3+ Qg4+ 70. Kf2 Kf5 71. Qf3+ Qxf3+ 72. Kxf3
Ke5 73. e4 f5 74. exf5 Kxf5 1/2-1/2

[Event "English Open 2025"]
[Site "Kenilworth ENG"]
[Date "2025.07.19"]
[Round "4.2"]
[White "Adams, Michael"]
[Black "Maroroa Jones, Gawain C B"]
[Result "1-0"]
[WhiteTitle "GM"]
[BlackTitle "GM"]
[WhiteElo "2654"]
[BlackElo "2653"]
[WhiteFideId "400041"]
[BlackFideId "409561"]
[EventDate "2025.07.18"]

1. e4 c5 2. Nf3 Nc6 3. Bb5 e5 4. O-O Bd6 5. d3 Nf6 6. Bg5 a6 7. Bc4 Be7 8. a3
O-O 9. Nc3 d6 10. Bxf6 Bxf6 11. Nd5 Rb8 12. b4 g6 13. Rb1 b5 14. Bb3 Bg7 15. h3
Kh8 16. c3 f5 17. a4 fxe4 18. dxe4 c4 19. Bc2 Ne7 20. Ne3 Rf4 21. Qe2 Qf8 22.
Rfd1 Rb6 23. Nd2 Be6 24. Ra1 Rf7 25. Ra3 Nc6 26. Nf3 Bh6 27. h4 Rb8 28. axb5
axb5 29. Ra6 Qc8 30. Rda1 Qe8 31. Ng5 Bxg5 32. hxg5 Bc8 33. Ra8 Be6 34. Rxb8
Qxb8 35. Qd2 Ne7 36. Bd1 Qb6 37. Bg4 Bxg4 38. Nxg4 Rf8 39. Nf6 Rd8 40. Qe2 h5
41. gxh6 d5 42. Nxd5 Nxd5 43. exd5 Qf6 44. Qe4 Kh7 45. Ra7+ Kxh6 46. g3 Qg5 47.
Rb7 Ra8 48. Qh1+ Qh5 49. Qxh5+ Kxh5 50. Rxb5 e4 51. d6+ Kg4 52. Kg2 e3 53. f3# 1-0

[Event "English Open 2025"]
[Site "Kenilworth ENG"]
[Date "2025.07.19"]
[Round "4.3"]
[White "Roberson, Peter T"]
[Black "Clarke, Brandon G I"]
[Result "1/2-1/2"]
[WhiteTitle "IM"]
[BlackTitle "IM"]
[WhiteElo "2433"]
[BlackElo "2500"]
[WhiteFideId "412384"]
[BlackFideId "400319"]
[EventDate "2025.07.18"]

1. d4 Nf6 2. c4 c5 3. d5 b5 4. cxb5 a6 5. bxa6 g6 6. Nc3 Bg7 7. e4 O-O 8. a7
Rxa7 9. Nf3 d6 10. Be2 Ba6 11. O-O Nbd7 12. a4 Qa8 13. Bxa6 Rxa6 14. Nb5 Rb6 15.
Qe2 Rfb8 16. Ra3 Ne8 17. Nd2 Qa6 18. Re1 R6b7 19. Nc4 Nc7 20. Bg5 Nxb5 21. axb5
Qxb5 22. Ra5 Qb4 23. Bd2 Qb3 24. Ra3 Qb5 25. Ra5 Qb3 26. Ra3 Qb5 27. Ra5 1/2-1/2

[Event "English Open 2025"]
[Site "Kenilworth ENG"]
[Date "2025.07.19"]
[Round "4.4"]
[White "Jones, Steven A"]
[Black "Wadsworth, Matthew J"]
[Result "0-1"]
[BlackTitle "IM"]
[WhiteElo "2184"]
[BlackElo "2476"]
[WhiteFideId "419630"]
[BlackFideId "415804"]
[EventDate "2025.07.18"]

1. e4 e6 2. d4 d5 3. Nc3 Bb4 4. e5 c5 5. a3 Bxc3+ 6. bxc3 Nc6 7. Qg4 g6 8. Nf3
Qa5 9. Bd2 Qa4 10. Be2 h6 11. O-O c4 12. Ra2 Bd7 13. Qh4 Rh7 14. Rb1 b6 15. h3
Rg7 16. g4 g5 17. Qg3 O-O-O 18. h4 f6 19. hxg5 fxg5 20. Qh3 Be8 21. Ne1 Bg6 22.
f4 gxf4 23. Bxf4 Rf8 24. Bxh6 Rh7 25. g5 Bf5 26. Bg4 Nce7 27. Ng2 Nxh6 28. gxh6
Rg8 29. Ne3 Rg6 30. Rf1 Rhxh6 31. Qg3 Bxg4 32. Nxg4 Nf5 33. Qg2 Rh4 34. Rf4 Nh6 0-1

[Event "English Open 2025"]
[Site "Kenilworth ENG"]
[Date "2025.07.19"]
[Round "4.5"]
[White "Merriman, James"]
[Black "Emms, John M"]
[Result "1/2-1/2"]
[BlackTitle "GM"]
[WhiteElo "2048"]
[BlackElo "2417"]
[WhiteFideId "452270"]
[BlackFideId "400254"]
[EventDate "2025.07.18"]

1. d4 Nf6 2. c4 e6 3. Nc3 Bb4 4. Qc2 O-O 5. a3 Bxc3+ 6. Qxc3 d6 7. Nf3 b6 8. g3
Bb7 9. Bg2 Nbd7 10. O-O a5 11. b3 Qb8 12. Bb2 Be4 13. Nd2 Bxg2 14. Kxg2 Qb7+ 15.
Qf3 Qxf3+ 16. Kxf3 c5 17. e4 cxd4 18. Bxd4 Rfb8 19. b4 Kf8 20. b5 Rc8 21. Rac1
Ke7 22. a4 Ra7 23. Ke2 Rac7 24. f4 Nc5 25. Bxc5 Rxc5 26. Rc3 Nd7 27. Rfc1 R5c7
28. Nb3 Nc5 29. Nxc5 Rxc5 30. Kd3 g5 31. Kd4 gxf4 32. gxf4 Rh5 33. R1c2 e5+ 34.
fxe5 dxe5+ 35. Ke3 Rh3+ 36. Kf2 Rxh2+ 37. Kg3 Rxc2 38. Rxc2 Ke6 39. Kf3 h5 40.
Ke3 h4 41. Kf3 h3 42. Kg3 Rh8 43. Kh2 Rh4 44. c5 bxc5 45. b6 Kd6 46. b7 Rh8 47.
Rf2 Rb8 48. Rxf7 c4 49. Kxh3 Kc5 50. Rc7+ Kb4 51. Kg4 c3 52. Kf5 Kxa4 1/2-1/2

[Event "English Open 2025"]
[Site "Kenilworth ENG"]
[Date "2025.07.19"]
[Round "4.6"]
[White "Richardson, John R"]
[Black "Merriman, John"]
[Result "0-1"]
[WhiteTitle "FM"]
[BlackTitle "FM"]
[WhiteElo "2270"]
[BlackElo "2194"]
[WhiteFideId "401617"]
[BlackFideId "402362"]
[EventDate "2025.07.18"]

1. d4 e6 2. c4 Nf6 3. Nf3 d5 4. Nc3 Be7 5. Bg5 O-O 6. e3 h6 7. Bh4 b6 8. Rc1 Bb7
9. cxd5 Nxd5 10. Bg3 Nxc3 11. bxc3 Nd7 12. Bd3 c5 13. O-O Nf6 14. Qc2 Rc8 15.
Qb1 c4 16. Bc2 Qd5 17. a4 Ne4 18. Qb2 f5 19. Bxe4 Qxe4 20. Qb5 Rfd8 21. Ra1 Rd5
22. Qb2 Ra5 23. Ra2 g5 24. Qe2 h5 25. Be5 g4 26. Ne1 Rxe5 27. dxe5 Qxe5 28. Rd2
Bd5 29. Rd4 Bc5 30. Rxc4 Kg7 31. Rd4 Bxd4 32. cxd4 Qc7 33. Nd3 Qc4 34. Qd1 Qb3
35. Nf4 h4 36. h3 Qxd1 37. Rxd1 gxh3 38. Nxd5 exd5 39. gxh3 Rc2 40. Kg2 Kf6 41.
Kf3 Ra2 42. Rc1 Rxa4 43. Rc6+ Kg5 44. Rd6 Ra5 45. Rd8 Rb5 46. Rg8+ Kf6 47. Kf4
a5 48. Rf8+ Ke6 49. Re8+ Kd7 50. Ra8 Rb2 51. Ke5 Kc6 52. Rc8+ Kb7 53. Rc3 Rxf2
54. Kxd5 a4 55. Kd6 Rf3 56. d5 f4 57. Rc7+ Ka6 58. e4 a3 59. e5 b5 60. e6 a2 61.
Rc8 Kb7 62. e7 Re3 63. Rc7+ Kb6 64. Rc6+ Kb7 65. Rc7+ Kb8 66. Rc1 b4 67. Ra1 b3
68. Kd7 b2 0-1

[Event "English Open 2025"]
[Site "Kenilworth ENG"]
[Date "2025.07.19"]
[Round "4.7"]
[White "Shearsby, Jude"]
[Black "Carroll, Thomas"]
[Result "1/2-1/2"]
[WhiteTitle "CM"]
[WhiteElo "2224"]
[BlackElo "2124"]
[WhiteFideId "462527"]
[BlackFideId "450111"]
[EventDate "2025.07.18"]

1. e4 c6 2. d4 d5 3. e5 c5 4. Nf3 cxd4 5. Qxd4 Nc6 6. Qf4 g6 7. Bd2 Bh6 8. Qa4
Bxd2+ 9. Nbxd2 Nh6 10. Bd3 Qb6 11. Qf4 Nf5 12. Nb3 Qb4+ 13. Qxb4 Nxb4 14. Bb5+
Bd7 15. Bxd7+ Kxd7 16. O-O-O Nxa2+ 17. Kb1 Nb4 18. c3 Nc6 19. c4 e6 20. cxd5
exd5 21. Rxd5+ Ke7 22. g4 Nh6 23. h3 Rhd8 24. Rhd1 Rxd5 25. Rxd5 Rd8 26. Rxd8
Kxd8 27. Nc5 Ke7 28. Nxb7 Ke6 29. Nc5+ Kd5 30. Nd7 Ke4 31. Nd2+ Kf4 32. Nf6 Kxe5
33. Nxh7 Nd4 34. Nf8 Ne2 35. Nd7+ Kf4 36. b4 Ng1 37. b5 Nxh3 38. f3 f5 39. Nf8
g5 40. Ne6+ Ke5 41. gxf5 Nxf5 42. Nxg5 Nxg5 43. b6 axb6 44. Nc4+ Kd4 45. Nxb6
Ne6 46. Kc2 Nf4 47. Kb3 Ne3 48. Kb4 Nc2+ 49. Kb5 Ne1 50. Kc6 Nxf3 51. Kd6 Ne5
52. Nd7 Nc4+ 53. Kc6 Nd5 54. Nf8 Ne5+ 55. Kd6 Nc4+ 1/2-1/2

[Event "English Open 2025"]
[Site "Kenilworth ENG"]
[Date "2025.07.19"]
[Round "4.8"]
[White "Willow, Jonah B"]
[Black "Burrows, Martin P"]
[Result "1-0"]
[WhiteTitle "IM"]
[WhiteElo "2457"]
[BlackElo "2057"]
[WhiteFideId "438804"]
[BlackFideId "409057"]
[EventDate "2025.07.18"]

1. Nf3 Nf6 2. c4 e6 3. g3 d5 4. Bg2 Be7 5. O-O O-O 6. d3 c5 7. Ne5 Nbd7 8. Nxd7
Bxd7 9. e4 Bc6 10. Qe2 d4 11. f4 Nd7 12. Nd2 Rb8 13. b3 b5 14. e5 Bxg2 15. Qxg2
Qc7 16. cxb5 Rxb5 17. Ne4 Nb6 18. f5 exf5 19. Rxf5 Qd7 20. Qf3 Nd5 21. Bg5 Rb6
22. Rf1 f6 23. exf6 Nxf6 24. Bxf6 Bxf6 25. Nxc5 Qd8 26. Rd5 1-0